Sokoliarstvo. 2. diel, naše dravce a sovy /
Gespeichert in:
| 1. Verfasser: | |
|---|---|
| Format: | Buch |
| Sprache: | Slowakisch |
| Veröffentlicht: |
Ružomberok :
EPOS,
2009
|
| Ausgabe: | [1. vyd.] |
| Schlagworte: | |
| ISBN: | 9788089191833 |
| Online-Zugang: |
|
| Tags: |
Tag hinzufügen
Keine Tags, Fügen Sie den ersten Tag hinzu!
|
MARC
| LEADER | 00000nam a2200000 4500 | ||
|---|---|---|---|
| 003 | SK-BrCVT | ||
| 005 | 20220621162935.0 | ||
| 008 | 100312s2009 xo e ||||||slo d | ||
| 020 | |a 9788089191833 |z 97880891918381 | ||
| 035 | |a CVTIDW1522215 | ||
| 040 | |b slo |a CVTI SR |e AACR2 | ||
| 041 | 0 | |a slo | |
| 044 | |a xo | ||
| 080 | |a 639.1.081.32 |2 UDC-MRF | ||
| 080 | |a 598.279 |2 UDC-MRF | ||
| 100 | 1 | |a Krivjanský, Tomáš |d 1946-, |4 aut | |
| 245 | 1 | 0 | |a Sokoliarstvo. |n 2. diel, |p naše dravce a sovy / |c Tomáš Krivjanský |
| 250 | |a [1. vyd.] | ||
| 260 | |a Ružomberok : |b EPOS, |c 2009 | ||
| 300 | |a 336 s. : |b fotogr., obr. ; | ||
| 653 | 1 | |a dravý vták |a spôsob lovu |a charakteristika vtákov |a zatriedenie dravcov | |
| 910 | |b A610238 | ||
| 919 | |a 978-80-89191-83-3 | ||
| 974 | |f Knihy | ||
| 992 | |a AOP | ||
| 999 | |c 153315 |d 153315 | ||

